Tvorba dlhodobej výrobnej stratégie v podniku bakalárska práca

Guardado en:
Detalles Bibliográficos
Autor principal: Regecová, Žaneta
Autor Corporativo: Podnikovohospodárska fakulta EU so sídlom v Košiciach. Katedra manažmentu
Otros Autores: Pešáková, Petra, 1984-
Formato: Libro
Lenguaje:eslovaco
Publicado: Košice 2011
Etiquetas: Agregar Etiqueta
Sin Etiquetas, Sea el primero en etiquetar este registro!

MARC

LEADER 00000nbm a2200000 4500
001 0139321
005 20161109111616.1
041 0 |a slo 
044 |a SK 
245 1 0 |a Tvorba dlhodobej výrobnej stratégie v podniku  |b bakalárska práca  |c Žaneta Regecová ; školiteľ: Petra Pešáková 
264 1 |a Košice  |c 2011 
300 |a 60 s. 
100 1 |a Regecová, Žaneta 
700 1 |a Pešáková, Petra, 1984- 
710 2 |a Podnikovohospodárska fakulta EU so sídlom v Košiciach. Katedra manažmentu